Welcome to the Holygrace Academy Library

Please use search bar below to get started

SARASWATI COMPETION BOOSTER PHYSICS (Record no. 530)

MARC details
000 -LEADER
fixed length control field 00355nam a22001337a 4500
020 ## - INTERNATIONAL STANDARD BOOK NUMBER
ISBN 978-81-7335-815-9
082 ## - DEWEY DECIMAL CLASSIFICATION NUMBER
Classification number 530
Item number BAT/S
100 ## - MAIN ENTRY--AUTHOR NAME
Personal name SUNIL BATRA
245 ## - TITLE STATEMENT
Title SARASWATI COMPETION BOOSTER PHYSICS
Remainder of title FOR AIEEE, CBSE PMT, AIIMS, AFMC
260 ## - PUBLICATION, DISTRIBUTION, ETC. (IMPRINT)
Place of publication DELHI
Name of publisher SARASWATI PUBLICATIONS
300 ## - PHYSICAL DESCRIPTION
Number of Pages 268
650 ## - SUBJECT ADDED ENTRY--TOPICAL TERM
Topical Term PHYSICS FOR CLASS XI
Geographic subdivision INDIA
942 ## - ADDED ENTRY ELEMENTS (KOHA)
Koha item type Books
Holdings
Withdrawn status Lost status Collection code Home library Current library Shelving location Date acquired Source of acquisition Full call number Accession Number Koha item type
    Reference Main Library Main Library   28/06/2013 purchase 530 BAT/S 07422 Books